| 000 | 01009cam a2200265 a 4500 | ||
|---|---|---|---|
| 001 | 1442530 | ||
| 003 | NUST-PNEC | ||
| 005 | 20170116180710.0 | ||
| 008 | 850712s1986 nyua b 001 0 eng | ||
| 010 | _a 85015374 | ||
| 020 | _a0070231656 | ||
| 040 | _cPNEC | ||
| 050 | 0 | 0 |
_aQA76.755 _b.S63 1986 |
| 082 | 0 | 0 |
_a005.1 GEN _219 |
| 100 |
_9504 _aGeneral Electric Company |
||
| 245 | 0 | 0 |
_aSoftware engineering handbook / _cprepared by General Electric Company, Corporate Information Systems. |
| 260 |
_aNew York : _bMcGraw-Hill, _cc1986. |
||
| 300 |
_a1 v. various paging : _bill. ; _c29 cm. |
||
| 500 | _ahttp://www.amazon.com/Software-Engineering-Handbook-Corporate-Information/dp/0070231656/ref=sr_1_1?s=books&ie=UTF8&qid=1412242273&sr=1-1&keywords=0070231656 | ||
| 504 | _aIncludes bibliographies and index. | ||
| 650 | 0 |
_aSoftware engineering. _xMIS |
|
| 710 | 2 |
_aGeneral Electric Company. _bCorporate Information Systems. |
|
| 906 |
_a7 _bcbc _corignew _d1 _eocip _f19 _gy-gencatlg |
||
| 942 |
_2ddc _cBK |
||
| 999 |
_c60907 _d60907 |
||